Política de juventud en América Latina: actores y prioridades en la cooperación regional
Síntesis de tres importantes eventos sobre juventud realizados dos de ellos en Buenos Aires y otro en México, cuyos resultados verifican la necesidad de concertar esfuerzos de todos los actores y de convocar la cooperación internacional al respecto. En cada uno de los casos de hace una síntesis del...
Gespeichert in:
| Format: | Text |
|---|---|
| Schlagworte: | |
| Tags: |
Tag hinzufügen
Keine Tags, Fügen Sie den ersten Tag hinzu!
|
MARC
| LEADER | 00000 a a2200000 04500 | ||
|---|---|---|---|
| 001 | 6925 | ||
| 003 | |||
| 040 | |||
| 245 | |a Política de juventud en América Latina: |b actores y prioridades en la cooperación regional | ||
| 520 | |a Síntesis de tres importantes eventos sobre juventud realizados dos de ellos en Buenos Aires y otro en México, cuyos resultados verifican la necesidad de concertar esfuerzos de todos los actores y de convocar la cooperación internacional al respecto. En cada uno de los casos de hace una síntesis del trabajo realizado, la lista de documentos analizados y la lista de participantes para cada evento. En dichas actividades se promovió la participación de los actores más relevantes del campo de la juventud y se determinaron las líneas de acción conjunta. MB/EL | ||
| 650 | |a JUVENTUD | ||
| 650 | |a POLITICA SOCIAL | ||
| 650 | |a ORGANIZACIONES NO GUBERNAMENTALES | ||
| 773 | |g número 12; páginas 4-13 | ||
| 999 | |c 31799 |d 31799 | ||
